000 00623nam a2200193Ia 4500
003 GCL
008 140319s9999 xx 000 0 ara d
040 _aGCL /
_cGCL
082 0 4 _a415.1
_bا م
100 1 _aاحمد عبدالعظيم عبدالغنى
245 1 0 _aالمصطلح النحوى: دراسة نقدية تحليلية /
_cاحمد عبدالعظيم عبدالغنى
260 _a[S.N] :
_bدار الثقافة للنشر والتوزيع ،
_c1990
300 _a222 ص
490 _a
650 0 4 _aالنحو
650 0 4 _aاللغة العربية
650 0 4 _aمصطلحات
942 _2ddc
_cBK
999 _c31823
_d31823